Primetime politics : the truth about conservative lies, corporate control, and television culture /
Saved in:
| Main Author: | |
|---|---|
| Format: | Book |
| Language: | English |
| Published: |
Lanham, Md. :
Rowman & Littlefield,
c2005.
|
| Series: | Polemics (Rowman and Littlefield, inc.)
|
| Subjects: | |
| Tags: |
Add Tag
No Tags, Be the first to tag this record!
|
| LEADER | 01585pam a2200361 a 4500 | ||
|---|---|---|---|
| 001 | 009802444-2 | ||
| 005 | 20051115140859.0 | ||
| 008 | 050308s2005 mdu b 001 0 eng | ||
| 010 | |a 2005006400 | ||
| 015 | |a GBA563967 |2 bnb | ||
| 016 | 7 | |a 013262428 |2 Uk | |
| 020 | |a 0742521060 (cloth : alk. paper) | ||
| 020 | |a 0742521079 (pbk. : alk. paper) | ||
| 035 | 0 | |a ocm58456615 | |
| 040 | |a DLC |c DLC |d YDX |d UKM |d BAKER | ||
| 043 | |a n-us--- | ||
| 050 | 0 | 0 | |a PN1992.6 |b .G73 2005 |
| 082 | 0 | 0 | |a 302.23/45 |2 22 |
| 100 | 1 | |a Green, Philip, |d 1932- | |
| 245 | 1 | 0 | |a Primetime politics : |b the truth about conservative lies, corporate control, and television culture / |c Philip Green. |
| 260 | |a Lanham, Md. : |b Rowman & Littlefield, |c c2005. | ||
| 300 | |a v, 211 p. ; |c 24 cm. | ||
| 490 | 1 | |a Polemics | |
| 504 | |a Includes bibliographical references and index. | ||
| 505 | 0 | |a 1. The System: Monopoly and Alienation -- Ideology and Propaganda -- 3. Distractions: The Lie About Liberals -- The Real World of Television -- 5. Distractions: "Sex" and "Violence" -- Matters of Taste -- Conclusion: Abolishing the System. | |
| 650 | 0 | |a Television broadcasting |x Social aspects |z United States. | |
| 650 | 0 | |a Television and politics |z United States. | |
| 650 | 0 | |a Television broadcasting of news |z United States. | |
| 650 | 0 | |a Television broadcasting |x Ownership |z United States. | |
| 776 | 0 | 8 | |i Online version: |a Green, Philip, 1932- |t Primetime politics. |d Lanham, Md. : Rowman & Littlefield, ©2005 |w (OCoLC)607747732 |
| 830 | 0 | |a Polemics (Rowman and Littlefield, inc.) | |
| 988 | |a 20051115 | ||
| 906 | |0 DLC | ||


